|
|
|
|
| LEADER |
00000nab a2200000 a 4500 |
| 001 |
vtls000214521 |
| 003 |
SK-MaSNL |
| 005 |
20260318124258.0 |
| 008 |
220422c1985 xo 0 rus |
| 015 |
|
|
|a SNBRB19rr/mm-uuuuu
|
| 035 |
|
|
|a CL0224635
|
| 040 |
|
|
|a SNKBUCL
|b slo
|c SNKBUCL
|e AACR2
|
| 041 |
0 |
|
|a rus
|
| 044 |
|
|
|a xo
|c SK
|
| 080 |
|
|
|a 578.5
|2 1981
|
| 100 |
1 |
|
|a Russ, Gustáv,
|d 1942-
|4 aut
|
| 245 |
1 |
0 |
|a Genetika virusov grippa
|c G. Russ ; P. Palese, D. W. Kingsbury
|
| 650 |
0 |
7 |
|a vírusy chrípky
|2 snkbucl
|9 14132
|
| 650 |
0 |
7 |
|a genetika vírusov
|2 snkbucl
|9 50741
|
| 655 |
|
7 |
|a články z novín a časopisov
|2 snkbucl
|9 267496
|
| 700 |
1 |
|
|a Palese, P.
|4 aut
|9 1494886
|
| 700 |
1 |
|
|a Kingsbury, D. W.
|4 aut
|9 1494887
|
| 773 |
0 |
|
|t Acta virologica
|g Roč. 29, č. 1 (1985), s. 92-93
|
| 787 |
0 |
8 |
|i Rec.:
|a Palese, P.
|t Genetika virusov grippa
|d Viedeň-New York : Springer Verlag
|
| 850 |
|
|
|a Slovenská národná knižnica v Martine
|a MTA001
|
| 852 |
|
|
|a SNK
|b KIS3GCP
|
| 958 |
|
|
|a RK
|
| 958 |
|
|
|a ME
|
| 992 |
|
|
|a RBX
|
| 999 |
|
|
|c 2983153
|d 2985083
|